000 00356nam a2200145 i 4500
001 bg
100 1 _aSOKÓŁ, Jan
245 0 _aKonspiracja nad Wisłą i Sanem 1939-1944 /
_cJan Sokół.
250 _aWyd.2 popr.i uzupeł.
260 _aWarszawa,
_c1976.
040 _cBPK
041 _apol
942 _cKS
008 s pl f |000 0 pol
999 _c17421
_d17421
856 _uhttp://koha.tu.koszalin.pl/cgi-bin/koha/opac-detail.pl?biblionumber=17421
_yKatalog online BPK